| 000 | 00614nam a2200229Ia 4500 | ||
|---|---|---|---|
| 005 | 20250108125127.0 | ||
| 008 | 008 250107s9999 xx 000 0 eng d | ||
| 020 | _a978-81-316-0947-7 | ||
| 037 | _aTB | ||
| 040 |
_aCRL _beng _cCRL |
||
| 041 |
_asin _2eng |
||
| 084 | _aV51:594 P7 | ||
| 084 | _qCRL | ||
| 100 |
_aLachhani Jagdish Au. _9730443 |
||
| 245 | 0 |
_aShairi vasdev mohi a jee _cLachhani Jagdish Au. |
|
| 260 |
_aDelhi, India _bSindhi Academy _c3407 |
||
| 300 | _a102p. | ||
| 365 |
_aINR _b1290 |
||
| 650 | _aSINDHI LITERATURE | ||
| 942 |
_cTB _hV51:594 P7 |
||
| 999 |
_c1235795 _d1235795 |
||